000 00430nam a2200157Ia 4500
003 LK-CoDNM
008 010623t2011 xxu||||| |||| 00| 1 sin d
040 _aLK-CoDNM
_dLK-CoDNM
_eLK-CoDNM
041 _asin
080 _a8S.07 BUD
245 _aබුද්ධ ගජ්ජය සහ සකස්කඩය
246 _aBuddha Gadya saha Sakaskadaya
260 _bGunasena
_aColombo
_c2011
300 _b05, 21 cm
942 _cBK
999 _c131386
_d131386